Normal view
MARC view
- Do, Duc Khac , Pan, Jie
Entry Personal Name
001 - CONTROL NUMBER
- control field: 64584
003 - CONTROL NUMBER IDENTIFIER
- control field: NUST
005 - DATE AND TIME OF LATEST TRANSACTION
- control field: 20210628203312.0
008 - FIXED-LENGTH DATA ELEMENTS
- fixed length control field: 210628|| aca||aabn | a|a d
040 ## - CATALOGING SOURCE
- Original cataloging agency: NUST
- Transcribing agency: NUST
100 ## - HEADING--PERSONAL NAME
- Personal name: Do, Duc Khac , Pan, Jie
670 ## - SOURCE DATA FOUND
- Source citation: Work cat.: (NUST): Do, Duc Khac , Pan, Jie, Control of ships and underwater vehicles , design for underactuated and nonlinear marine system, 2009
